[Event "Ruhrgebiet Verbandsklasse Gruppe 3 1415"]
[Site "Germany"]
[Date "2015.02.08"]
[Round "6.1"]
[White "Adiyaman, Rene"]
[Black "Schulenburg, Pit"]
[Result "0-1"]
[WhiteElo "1933"]
[BlackElo "2117"]
[PlyCount "92"]
[EventDate "2014.09.21"]
[EventType "team-tourn"]
[EventRounds "9"]
[EventCountry "GER"]
[SourceTitle "EXT 2022"]
[Source "ChessBase"]
[SourceDate "2021.10.06"]
[SourceVersion "1"]
[SourceVersionDate "2021.10.06"]
[SourceQuality "1"]
[WhiteTeam "Welper SV II"]
[BlackTeam "Dortmund FS"]
[WhiteTeamCountry "GER"]
[BlackTeamCountry "GER"]

1. e4 d5 2. exd5 Qxd5 3. Nc3 Qd6 4. Bc4 Nf6 5. d4 c6 6. Nge2 Bf5 7. Bf4 Qb4 8. Bb3 e6 9. 0-0 Nbd7 10. Ng3 Bg6 11. Re1 Be7 12. Bc7 b6 13. a3 Qa5 14. Bc4 Rc8 15. Bf4 b5 16. Be2 0-0 17. Bf3 Rfd8 18. Qd2 Bf8 19. Qe2 Nd5 20. Bd2 Qb6 21. Nxd5 cxd5 22. Bc3 a5 23. Qe3 b4 24. axb4 axb4 25. Bd2 Rxc2 26. h4 Nf6 27. h5 Be4 28. Bd1 Rc7 29. Qb3 Rdc8 30. Ra4 Bc2 31. Bxc2 Rxc2 32. Bc3 Qb5 33. Rxb4 Bxb4 34. Qxc2 Bxc3 35. bxc3 Qc4 36. Re3 Qxd4 37. Qb3 Qc4 38. Qb7 h6 39. Rf3 Qc7 40. Qb4 Qe5 41. Re3 Qb8 42. Qe7 d4 43. cxd4 Rc1+ 44. Kh2 Ng4+ 45. Kh3 Nxf2+ 46. Kh2 Rh1# 0-1

[Event "Ruhrgebiet Verbandsliga2 1011"]
[Site "Nordrheinwestfalen"]
[Date "2010.11.14"]
[Round "3.1"]
[White "Gohla, Ulf"]
[Black "Schulenburg, Pit"]
[Result "1-0"]
[WhiteElo "2193"]
[BlackElo "2165"]
[PlyCount "73"]
[EventDate "2010.09.12"]
[EventType "team-tourn"]
[EventRounds "9"]
[EventCountry "GER"]
[SourceTitle "EXT 2020"]
[Source "ChessBase"]
[SourceDate "2019.10.17"]
[SourceVersion "1"]
[SourceVersionDate "2019.10.17"]
[SourceQuality "1"]
[WhiteTeam "Wattenscheid SV IV"]
[BlackTeam "Dortmund FS 98"]
[WhiteTeamCountry "GER"]
[BlackTeamCountry "GER"]

1. d4 e6 2. c4 b6 3. Nf3 Bb7 4. Nc3 g6 5. Bg5 Qc8 6. Qd2 d6 7. e4 Nd7 8. Bd3 h6 9. Be3 Bg7 10. h3 Ne7 11. Bc2 a6 12. 0-0 g5 13. Nh2 e5 14. d5 Nf8 15. Qe2 Nfg6 16. Qg4 Qd8 17. Ba4+ Kf8 18. Qd7 Qb8 19. Qg4 Ng8 20. Qf3 Qd8 21. g3 h5 22. Qg2 Nh6 23. Ne2 Rg8 24. Rab1 f5 25. exf5 Nxf5 26. Bc2 Bc8 27. Kh1 Bf6 28. Qf3 g4 29. hxg4 hxg4 30. Nxg4 Nf4 31. Bxf4 exf4 32. Qxf4 Bg5 33. Qf3 Qe8 34. Bxf5 Kg7 35. Bxc8 Rxc8 36. Nd4 Qh5+ 37. Kg2 1-0

[Event "Ruhrgebiet VK3 0708"]
[Site "Germany"]
[Date "2008.04.06"]
[Round "8.1"]
[White "Schulenburg, Pit"]
[Black "Volling, Andreas"]
[Result "1/2-1/2"]
[WhiteElo "2206"]
[BlackElo "1896"]
[PlyCount "68"]
[EventDate "2007.09.16"]
[EventType "team"]
[EventRounds "9"]
[EventCountry "GER"]
[SourceTitle "EXT 2009"]
[Source "ChessBase"]
[SourceDate "2008.11.26"]
[SourceVersion "1"]
[SourceVersionDate "2008.11.26"]
[SourceQuality "1"]
[WhiteTeam "Dortmund FS 98"]
[BlackTeam "Boenen SV"]
[WhiteTeamCountry "GER"]
[BlackTeamCountry "GER"]

1. b3 e5 2. Bb2 d6 3. g3 Bd7 4. Bg2 c6 5. e4 Nf6 6. Ne2 Be7 7. d4 Qc7 8. c4 0-0 9. 0-0 Kh8 10. Nd2 Bg4 11. f3 Bc8 12. c5 exd4 13. cxd6 Bxd6 14. Nxd4 Bc5 15. Rc1 Na6 16. Rxc5 Nxc5 17. Qe2 Rd8 18. Rc1 Ne6 19. Nf5 Nf8 20. Nh6 Qe7 21. Qe3 Be6 22. Nc4 Bxc4 23. bxc4 gxh6 24. Qxh6 Ng6 25. h4 Kg8 26. Kh2 Ne8 27. h5 Ne5 28. Rf1 f6 29. Bh3 Qd6 30. Rf2 Nxf3+ 31. Kg2 Ne1+ 32. Kh1 Nd3 33. Rxf6 Nxf6 34. Bxf6 Rd7 1/2-1/2

[Event "Ruhrgebiet VK3 0708"]
[Site "Germany"]
[Date "2007.11.18"]
[Round "3.1"]
[White "Schulenburg, Pit"]
[Black "Sondermann, Dirk"]
[Result "1-0"]
[WhiteElo "2200"]
[BlackElo "2129"]
[PlyCount "119"]
[EventDate "2007.09.16"]
[EventType "team"]
[EventRounds "9"]
[EventCountry "GER"]
[SourceTitle "EXT 2009"]
[Source "ChessBase"]
[SourceDate "2008.11.26"]
[SourceVersion "1"]
[SourceVersionDate "2008.11.26"]
[SourceQuality "1"]
[WhiteTeam "Dortmund FS 98"]
[BlackTeam "Witten"]
[WhiteTeamCountry "GER"]
[BlackTeamCountry "GER"]

1. e4 e6 2. d3 d5 3. Nd2 c5 4. Ngf3 Nc6 5. g3 Nf6 6. Bg2 dxe4 7. dxe4 e5 8. 0-0 Bg4 9. h3 Bxf3 10. Qxf3 Be7 11. Re1 0-0 12. c3 Qc7 13. Nc4 Rfe8 14. Ne3 Bf8 15. g4 Ne7 16. g5 Nd7 17. Bf1 Nb6 18. a4 a5 19. b3 Ng6 20. Bb5 Red8 21. Nd5 Nxd5 22. exd5 Qd6 23. Bc4 Be7 24. Re4 Rf8 25. Be3 Kh8 26. Kh1 f5 27. gxf6 Rxf6 28. Qh5 Raf8 29. Rg1 Nf4 30. Bxf4 Rxf4 31. Rxf4 Rxf4 32. Re1 e4 33. Rxe4 Rxe4 34. Qe8+ Bf8 35. Qxe4 g6 36. Kg2 Qf6 37. Qe6 Kg7 38. Qd7+ Qe7 39. Qg4 Qf6 40. h4 Bd6 41. h5 Qf5 42. Qxf5 gxf5 43. Bd3 Kf6 44. Kf3 Kg5 45. Ke3 Bf4+ 46. Ke2 Bd6 47. Bc2 c4 48. bxc4 h6 49. c5 Bxc5 50. Kd3 Bxf2 51. Kc4 Kf6 52. Kb5 b6 53. Kc6 Ke7 54. Kc7 Bg3+ 55. Kxb6 Kd6 56. c4 Be1 57. c5+ Kxd5 58. c6 Bf2+ 59. Kb7 Bg3 60. Bxf5 1-0

[Event "Ruhrgebiet VL2 0405"]
[Site "Ruhrgebiet"]
[Date "2005.03.13"]
[Round "8.1"]
[White "Schulenburg, Pit"]
[Black "Voss, Hubertus"]
[Result "1-0"]
[WhiteElo "2232"]
[BlackElo "2181"]
[PlyCount "75"]
[EventDate "2004.09.12"]
[EventType "team"]
[EventRounds "9"]
[EventCountry "GER"]
[SourceTitle "EXT 2006"]
[Source "ChessBase"]
[SourceDate "2005.11.24"]
[SourceVersion "1"]
[SourceVersionDate "2005.11.24"]
[SourceQuality "1"]
[WhiteTeam "Dortmund FS 98"]
[BlackTeam "Hamm 1911"]
[WhiteTeamCountry "GER"]
[BlackTeamCountry "GER"]

1. Nf3 d5 2. b3 Nf6 3. g3 g6 4. Bg2 Bg7 5. Bb2 0-0 6. 0-0 Nbd7 7. c4 c6 8. Qc2 dxc4 9. bxc4 Re8 10. d3 e5 11. Nbd2 Qc7 12. Bc3 Nc5 13. Nb3 Na4 14. Ba5 b6 15. Bd2 Bd7 16. e4 Be6 17. d4 exd4 18. Nfxd4 Rad8 19. e5 Nd7 20. Bxc6 Nac5 21. Bg5 Nxb3 22. axb3 Bxe5 23. Bxd8 Rxd8 24. Nxe6 fxe6 25. Bxd7 Qxd7 26. Rad1 Bd4 27. Qe4 e5 28. Kg2 Kg7 29. Rd3 Qf7 30. Rf3 Qe7 31. Rd1 Rd6 32. h4 h5 33. Rd2 Re6 34. Rfd3 Qf6 35. Re2 Bc5 36. Rd7+ Kh6 37. Qf3 Qxf3+ 38. Kxf3 1-0

[Event "Ruhrgebiet VL2 0405"]
[Site "Ruhrgebiet"]
[Date "2004.10.03"]
[Round "2.1"]
[White "Schulenburg, Pit"]
[Black "Torres Kuckel, Rafael"]
[Result "0-1"]
[WhiteElo "2232"]
[BlackElo "2187"]
[PlyCount "80"]
[EventDate "2004.09.12"]
[EventType "team"]
[EventRounds "9"]
[EventCountry "GER"]
[SourceTitle "EXT 2006"]
[Source "ChessBase"]
[SourceDate "2005.11.24"]
[SourceVersion "1"]
[SourceVersionDate "2005.11.24"]
[SourceQuality "1"]
[WhiteTeam "Dortmund FS 98"]
[BlackTeam "Ahlen"]
[WhiteTeamCountry "GER"]
[BlackTeamCountry "GER"]

1. Nf3 g6 2. g3 Bg7 3. Bg2 d6 4. d4 Nf6 5. c4 0-0 6. 0-0 c5 7. h3 cxd4 8. Nxd4 Qc7 9. Nb5 Qd8 10. Be3 a6 11. Nd4 d5 12. Nb3 dxc4 13. Qxd8 Rxd8 14. Na5 Nd5 15. Rd1 Nc6 16. Nxc6 bxc6 17. Nc3 Be6 18. Bd4 Bxd4 19. Rxd4 Nxc3 20. bxc3 c5 21. Re4 Rab8 22. f4 Rb2 23. Rf1 Rdd2 24. Rf2 Rxa2 25. g4 Kf8 26. Re5 Rac2 27. f5 gxf5 28. gxf5 Bd7 29. Bf1 Rxc3 30. Rxc5 Rc1 31. e4 c3 32. Rxc3 Rdd1 33. Rxc1 Rxc1 34. Kg2 Bc6 35. Bd3 Rc3 36. Rc2 Rxc2+ 37. Bxc2 e6 38. f6 e5 39. Kf3 a5 40. Kg4 a4 0-1

[Event "Ruhrgebiet VL1 0304"]
[Site "Ruhrgebiet"]
[Date "2004.02.29"]
[Round "7.1"]
[White "Schulenburg, Pit"]
[Black "Fuellgrabe, Thomas"]
[Result "1/2-1/2"]
[WhiteElo "2242"]
[BlackElo "2295"]
[PlyCount "30"]
[EventDate "2003.09.28"]
[EventType "team"]
[EventRounds "9"]
[EventCountry "GER"]
[SourceTitle "EXT 2007"]
[Source "ChessBase"]
[SourceDate "2006.11.23"]
[SourceVersion "1"]
[SourceVersionDate "2006.11.23"]
[SourceQuality "1"]
[WhiteTeam "Dortmund FS 98"]
[BlackTeam "Welper SV"]
[WhiteTeamCountry "GER"]
[BlackTeamCountry "GER"]

1. g3 g6 2. Bg2 Bg7 3. c3 d6 4. e4 e5 5. Nf3 Ne7 6. d4 0-0 7. 0-0 Nbc6 8. dxe5 dxe5 9. Na3 h6 10. Qb3 a6 11. Rd1 Qe8 12. Be3 Rb8 13. Rd2 Be6 14. Qc2 f5 15. exf5 gxf5 1/2-1/2

[Event "Oberliga NRW 0001 II"]
[Site "NRW"]
[Date "2001.04.22"]
[Round "8.4"]
[White "Schulenburg, Pit"]
[Black "Pedersen, Nicolai Vesterbaek"]
[Result "1/2-1/2"]
[WhiteElo "2251"]
[BlackElo "2345"]
[PlyCount "103"]
[EventDate "2000.09.24"]
[EventType "team"]
[EventRounds "9"]
[EventCountry "GER"]
[SourceTitle "EXT 2006"]
[Source "ChessBase"]
[SourceDate "2005.11.24"]
[SourceVersion "1"]
[SourceVersionDate "2005.11.24"]
[SourceQuality "1"]
[WhiteTeam "Brackel"]
[BlackTeam "Emsdetten Turm"]
[WhiteTeamCountry "GER"]
[BlackTeamCountry "GER"]

1. g3 d5 2. Bg2 c6 3. Nf3 Bg4 4. b3 Nd7 5. c4 e6 6. Bb2 Ngf6 7. 0-0 Bd6 8. Nc3 0-0 9. d3 Qc7 10. Rc1 a6 11. Rc2 Rad8 12. Qa1 Rfe8 13. Nd1 Bc5 14. Ne3 Bxe3 15. fxe3 e5 16. Kh1 Qd6 17. Qc1 e4 18. dxe4 Nxe4 19. Nd2 Ng5 20. cxd5 cxd5 21. e4 Bh3 22. Nc4 Bxg2+ 23. Kxg2 Qg6 24. Nd6 Qxd6 25. Qxg5 d4 26. Rc4 f6 27. Qf5 g6 28. Qa5 b6 29. Qd2 Rxe4 30. Rxd4 Rxd4 31. Qxd4 Qxd4 32. Bxd4 Rc8 33. Bxf6 Rc2 34. Bd4 Rxa2 35. Kf3 a5 36. Rc1 Ra3 37. Rc3 Nc5 38. Bxc5 bxc5 39. Ke4 a4 40. Rxc5 Rxb3 41. Ke5 Re3+ 42. Kf6 Re8 43. Ra5 Rf8+ 44. Ke7 Rf2 45. e4 Rxh2 46. Rxa4 Re2 47. Kf6 Rf2+ 48. Kg5 Rg2 49. Kf6 Rf2+ 50. Kg5 Rg2 51. Ra3 Kf7 52. Ra7+ 1/2-1/2

[Event "Oberliga NRW 0001 II"]
[Site "NRW"]
[Date "2001.03.18"]
[Round "7.5"]
[White "Schulenburg, Pit"]
[Black "Petersen, Carsten"]
[Result "1-0"]
[WhiteElo "2251"]
[BlackElo "1957"]
[PlyCount "55"]
[EventDate "2000.09.24"]
[EventType "team"]
[EventRounds "9"]
[EventCountry "GER"]
[SourceTitle "EXT 2006"]
[Source "ChessBase"]
[SourceDate "2005.11.24"]
[SourceVersion "1"]
[SourceVersionDate "2005.11.24"]
[SourceQuality "1"]
[WhiteTeam "Brackel"]
[BlackTeam "Enger Spenge"]
[WhiteTeamCountry "GER"]
[BlackTeamCountry "GER"]

1. g3 Nf6 2. Bg2 d5 3. d3 e5 4. Nf3 Nc6 5. 0-0 Bc5 6. Nc3 h6 7. Nxe5 Bxf2+ 8. Rxf2 Nxe5 9. d4 Nc6 10. e4 dxe4 11. Nxe4 Nxe4 12. Bxe4 0-0 13. c3 Qe7 14. Qf3 Bd7 15. Re2 Rae8 16. b4 Nd8 17. d5 Bb5 18. Bh7+ Kxh7 19. Rxe7 Rxe7 20. Bf4 Rfe8 21. Bxc7 Re1+ 22. Rxe1 Rxe1+ 23. Kg2 Re2+ 24. Kh3 Bd7+ 25. g4 Re8 26. Bxd8 Rxd8 27. Qe4+ Kg8 28. Qe7 1-0